00546nam a2200169Ia 4500008004100000100002000041245015500061260001100216300002100227440004200248521000800290650001100298650001300309650001600322650002100338650001700359140626s9999 xx 000 0 und d aWang, Chi-Jane. 4aThe efficacy of using self-monitoring diaries in a weight loss program for chronically ill obese adults in a rural area /cChi-Jane Wang ... [et al.]. cc2013. a21 : 3, page 181 aThe Journal of Nursing Research (JNR) aNUR aDiary. aObesity. aRural area. aSelf-monitoring. aWeight loss.